Learn Emotion Analysis With R (Record no. 357145)

MARC details
000 -LEADER
fixed length control field 00427 a2200145 4500
005 - DATE AND TIME OF LATEST TRANSACTION
control field 20240928125614.0
008 - FIXED-LENGTH DATA ELEMENTS--GENERAL INFORMATION
fixed length control field 240928b |||||||| |||| 00| 0 eng d
020 ## - INTERNATIONAL STANDARD BOOK NUMBER
International Standard Book Number 9789390684151
041 ## - LANGUAGE CODE
Language code of text/sound track or separate title eng
100 ## - MAIN ENTRY--PERSONAL NAME
Author Majumdar P.
245 ## - TITLE STATEMENT
Title Learn Emotion Analysis With R
Statement of responsibility, etc. Perform Sentiment Assessment, Extract Emotions and Learn NLP Techniques Using R and Shiny
260 ## - PUBLICATION, DISTRIBUTION, ETC.
Name of publisher, distributor, etc. BPB
Date of publication, distribution, etc. 2024
300 ## - PHYSICAL DESCRIPTION
Extent 530
942 ## - ADDED ENTRY ELEMENTS (KOHA)
Koha item type Books
Holdings
Withdrawn status Lost status Source of classification or shelving scheme Damaged status Not for loan Home library Current library Date acquired Vendor Net Price Full call number Barcode Date last seen Actual Price Bill Date Koha item type
    Dewey Decimal Classification     Cummins College of Engineering for Women Pune Cummins College of Engineering for Women Pune 28/02/2024 63 674.25 005.13'3 MAJ CCEP-BK-66607 28/02/2024 899.00 28/02/2024 Books
    Dewey Decimal Classification     Cummins College of Engineering for Women Pune Cummins College of Engineering for Women Pune 28/02/2024 63 674.25 005.13'3 MAJ CCEP-BK-66606 28/02/2024 899.00 28/02/2024 Books